| 000 | 02154nam a2200577 c 4500 | ||
|---|---|---|---|
| 001 | a6936747 | ||
| 003 | PE-LiUPU | ||
| 005 | 20250731170501.0 | ||
| 008 | 210906s2021 sp a | |||| 000 0 spa | ||
| 015 | _aMON21 | ||
| 017 |
_aM 20868-2021 _bOficina Depósito Legal Madrid |
||
| 020 | _a9788436845167 | ||
| 040 |
_aSpMaBN _bspa _cPE-LiUPU _erda _dPE-LiUPU |
||
| 082 |
_223 _a158.7 _bM294 |
||
| 245 | 0 | 0 |
_aManual de psicología del trabajo / _ccoordinadores, Pedro R. Gil-Monte, Vicente J. Prado-Gascó |
| 264 | 1 |
_aMadrid _bEdiciones Pirámides, _c[2021] |
|
| 264 | 4 | _c©2021 | |
| 300 |
_a342 páginas : _bilustraciones (blanco y negro), gráficos (blanco y negro) ; _c24 centímetros |
||
| 336 |
_aTexto _2rdacontent |
||
| 337 |
_asin mediación _2rdamedia |
||
| 338 |
_avolumen _2rdacarrier |
||
| 490 | 0 | _aPsicología | |
| 504 | _aIncluye referencias bibliográficas | ||
| 505 | _aLa psicología del trabajo: trabajo y significado psicológico del trabajo -- Ajuste individuo-trabajo -- Motivación laboral -- Satisfacción laboral y rendimiento en el trabajo -- Trabajo en equipo y participación -- Nuevas formas de trabajo: aspectos psicosociales de la flexibilidad laboral -- La tecnología aplicada al desarrollo de la actividad laboral -- Bienestar laboral, estrés en el trabajo y salud ocupacional -- La perspectiva de género en el trabajo -- Intervención sobre el puesto y el individuo. | ||
| 526 | _aSEG68 | ||
| 526 | _aSEG70 | ||
| 526 | _aSEG69 | ||
| 526 | _aSEG67 | ||
| 526 | _aSEG43 | ||
| 526 | _aP144 | ||
| 526 | _aP143 | ||
| 526 | _aP131 | ||
| 526 | _aP122 | ||
| 526 | _aP120 | ||
| 526 | _aP117 | ||
| 526 | _aP112 | ||
| 526 | _aP110 | ||
| 526 | _aP106 | ||
| 526 | _aP101 | ||
| 526 | _aP80 | ||
| 526 | _aP59 | ||
| 526 | _aP54 | ||
| 526 | _aP35 | ||
| 526 | _aP33 | ||
| 526 | _aP30 | ||
| 650 | 7 |
_aPsicología industrial _2embne _9346 |
|
| 700 | 1 |
_aGil-Monte, Pedro R. _ecoordinador _eautor |
|
| 700 | 1 |
_aPrado Gascó, Víctor J. _ecoordinador _eautor |
|
| 942 |
_2ddc _cBK _n0 |
||
| 999 |
_c61729 _d61729 |
||
| 980 |
_618226 _aJaime Vilcazán Jefe de Análisis Documental _81 _gALBERTO SANCHEZ Responsable de Automatización |
||